000 00444cam a22001457a 4500
008 180718b xxu||||| |||| 00| 0 eng d
082 _aC4x54 Sh23o
100 _aSharma,R.K
245 _aOur constitution
_cby R.K. Sharma and V.N. Sharma
260 _aNew Delhi
_bMohan Lal & sons
_c
300 _a93p.
650 _aConstitutional law --United States
650 _aConstitutional law --United States --Juvenile literature
700 _aSharma V.N.
999 _c441776
_d441776